000 02098cam a2200577 i 4500
001 4881
003 KOSZ 005
005 20250731091315.0
008 250731s1974 pl a f 001 0 pol
015 _aUWD 1974/7454
035 _a991031619639705066
035 _a(PL-WaBN)b18510681-48omnis_nlop
035 _ab18510681
035 _a(OCoLC)830806796
035 _azz2004821610
035 _a(PL)b0000001851068
035 _a(EXLNZ-48OMNIS_NETWORK)9910352577105606
040 _aWA N
_cWA N
_dKOSZ 005/RW
046 _k1975
080 _a744
080 _a621.01
080 _a(07)
100 1 _aDobrzański, Tadeusz
_eAutor
245 1 0 _aRysunek techniczny maszynowy /
_cTadeusz Dobrzański.
250 _aWydanie 10 poprawione.
260 _aWarszawa :
_bWydawnictwa Naukowo-Techniczne,
_c1974.
300 _a370, [2] stron :
_bilustracje, wykresy ;
_c25 cm.
336 _aTekst
_btxt
_2rdacontent
337 _aBez urządzenia pośredniczącego
_bn
_2rdamedia
338 _aWolumin
_bnc
_2rdacarrier
380 _aKsiążki
380 _aPublikacje dydaktyczne
380 _aPublikacje fachowe
385 _mPoziom nauczania
_aSzkoły wyższe
385 _aInżynierowie
385 _aKonstruktorzy
388 1 _a1901-2000
388 1 _a1945-1989
504 _aBibliografia na stronie 363. Indeks.
521 8 _aKsiążka jest przeznaczona dla personelu inżynieryjno-technicznego biur konstrukcyjnych i projektowych oraz zakładów przemysłowych i może służyć pomocą dla słuchaczy szkół technicznych przy wykonywaniu projektów i różnych prac rysunkowych.
650 7 _aCzęści maszyn i urządzeń
650 7 _aMaszynoznawstwo
650 7 _aNormy
655 7 _aPodręcznik
_2DBN
655 7 _aRysunek techniczny
_2DBN
658 _aInżynieria i technika
710 2 _aWydawnictwa Naukowo-Techniczne
_4pbl
856 _uhttps://koha.tu.koszalin.pl/cgi-bin/koha/opac-detail.pl?biblionumber=4881
_yKatalog online BPK
942 _2UKD
_cKS
999 _c4881
_d4881